Bilecik Bilecik Bilecik Bilecik Bilecik

Siyasi coğrafya açısından Çin : (Record no. 49398)

MARC details
000 -BAŞLIK
Sabit Uzunluktaki Kontrol Alanı 01127nam a22003497a 4500
001 - KONTROL NUMARASI
Control Dosyası 0049561
003 - KONTROL NUMARASI KİMLİĞİ
Kontrol Alanı KOHA_MİRAKIL
005 - EN SON İŞLEM TARİHİ ve ZAMANI
Kontrol Alanı 20260207003656.0
007 - FİZİKSEL TANIM SABİT ALAN - GENEL BİLGİ
Sabit uzunluklu kontrol alanı ta
008 - SABİT UZUNLUKTAKİ VERİ ÖGELERİ - GENEL BİLGİ
Sabit Alan 150629b2014 tu |||gr||||#||||0|tur |
020 ## - ISBN - ULUSLARARASI STANDART KİTAP NUMARASI
Isbn 9786055022419
040 ## - KATALOGLAMA KAYNAĞI
Özgün Kataloglama Kurumu TR-BiSEU
Kataloglama Dili tur
Çeviri Kurumu TR-BiSEU
Açıklama Kuralları rda
041 0# - DİL KODU
Metin ya da ses kaydının dil kodu tur
044 ## - YAYINLAYAN/ÜRETEN KURULUŞUN ÜLKE KODU
ISO country code tu
050 ## - SINIFLAMA ve YER NUMARASI
Sınıflama Numarası DS779.2
Yer Numarası .A75 2014
100 1# - KİŞİ ADI
Yazar Adı (Kişi adı) Arıbaş, Kenan.
245 1# - ESER ADI BİLDİRİMİ
Başlık Siyasi coğrafya açısından Çin :
Alt Eseradı vb. hiçbir şey eskisi gibi olmayacak/
Sorumluluk Bildirimi Kenan Arıbaş ; Kenan Arıbaş, Muhammed Nafiz Hüdavendigar.
264 #1 - ÜRERİM, YAYIN, DAĞITIM ve TELİF BİLDİRİMİ
Yayın yeri Konya :
Yayınlayan Çizgi Kitabevi
Yayın tarihi 2014
300 ## - FİZİKSEL TANIMLAMA
Sayfa, Cilt vb. 288 sayfa: resimli; 25 cm.
336 ## - İÇERİK TÜRÜ
Content type term metin
Content type code txt
Source rdacontent
337 ## - MEDYA TÜRÜ
Media type term aracısız
Media type code n
Source rdamedia
338 ## - TAŞIYICI TÜRÜ
Carrier type term cilt
Carrier type code nc
Source rdacarrier
490 1# - DİZİ BİLDİRİMİ
Dizi Bildirimi Çizgi Kitabevi Yayınları ;
Cilt Numarası 479.
490 1# - DİZİ BİLDİRİMİ
Dizi Bildirimi Bilim Toplum Siyaset
500 ## - GENEL NOT
Genel Not Kaynakça var.
650 #0 - KONU BAŞLIĞI EK GİRİŞ - KONU TERİMİ
Konusal terim veya coğrafi ad Political geography--China.
9 (RLIN) 91215
650 #0 - KONU BAŞLIĞI EK GİRİŞ - KONU TERİMİ
Konusal terim veya coğrafi ad Geopolitics.
9 (RLIN) 23485
650 #0 - KONU BAŞLIĞI EK GİRİŞ - KONU TERİMİ
Konusal terim veya coğrafi ad Globalization--China.
9 (RLIN) 91216
830 1# - SERİ EK GİRİŞİ - TEKBİÇİM ESER ADI
Tekbiçim Başlık Çizgi Kitabevi Yayınları ;
Volume number/sequential designation 479.
9 (RLIN) 9062
830 1# - SERİ EK GİRİŞİ - TEKBİÇİM ESER ADI
Tekbiçim Başlık Bilim Toplum Siyaset
9 (RLIN) 51094
942 ## - EK GİRİŞ ÖGELERİ (KOHA)
Source of classification or shelving scheme Library of Congress Classification
Koha item type Book
Holdings
Materyal Türü Kalıcı Konum Mevcut Konum Raf Yeri Sınıflandırma Kaynağı Edinim Bilgisi Ana Konular Alt Konular Yer Numarası Demirbaş Numarası Fatura Tarihi Maliyet, Alış Fiyatı Maliyet, Yenileme Fiyatı Geri Çekilme Durumu Kayıp Durumu Hasarlı Durumu Kredi için değil Kayıt Tarih Toplam Ödünçverme Son Görülme Tarihi Son Kontrol Tarihi Satın Alma Notu
Book Prof. Dr. Azmi Özcan Kütüphanesi Prof. Dr. Azmi Özcan Kütüphanesi Uluğbey Salonu Library of Congress Classification Satın DÜNYA TARİHİ (AVRUPA, ASYA, AFRİKA VB.) Asya DS779.2 .A75 2014 0049561 07/07/2015 12.41 12.41         29/06/2015   05/12/2024 05/12/2024 B-984687 - B-984797